| 000 | 00714nam a22001577a 4500 | ||
|---|---|---|---|
| 003 | OSt | ||
| 005 | 20151231160518.0 | ||
| 008 | 151231b xxu||||| |||| 00| 0 eng d | ||
| 040 | _cRUA | ||
| 082 | _aLMA NET 2006 B289 Or.1 | ||
| 100 |
_95894 _aNET, SOTHEARAK. |
||
| 245 | _aProcedure of sporadic land registration on sangkat kep krong kep cambodia, នីតិវិធីនៃការចុះបញ្ជីដីធ្លីមានលក្ខណៈដាច់ដោយដុំនៅសង្កាត់កែប និងសង្កាត់ព្រៃធំខណ្ឌកែប ក្រុងកែប | ||
| 260 |
_aPhnom Penh _bill. _c29cm. |
||
| 300 |
_aviii; 52p. _bill. _c29cm. |
||
| 942 |
_2ddc _cLMA |
||
| 999 |
_c5495 _d5495 |
||